|
|
|
|
| LEADER |
00983nta a2200253 i 4500 |
| 001 |
dipl133274 |
| 005 |
20230907154529.0 |
| 008 |
230411s2003 hu om 0|| hun d |
| 040 |
|
|
|a SZTE Diploma Repozitórium
|b hun
|
| 041 |
|
|
|a hun
|
| 041 |
|
|
|a srp
|
| 100 |
1 |
|
|a Gyorgyev Bránimír
|
| 245 |
1 |
2 |
|a A szerbek vándorlásai és Miloš Crnjanski
|h [elektronikus dokumentum] :
|b Örökös vándorlás című regénye /
|c Bránimír Gyorgyev
|
| 260 |
|
|
|c 2003
|
| 650 |
|
4 |
|a Bölcsészettudományok
|
| 650 |
|
4 |
|a Humanities
|
| 650 |
|
4 |
|a History and archaeology
|
| 650 |
|
4 |
|a Modern and contemporary history
|
| 650 |
|
4 |
|a Languages and Literature
|
| 650 |
|
4 |
|a General literature studies
|
| 650 |
|
4 |
|a History of literature
|
| 700 |
1 |
|
|a Bognár Ferenc
|e ths
|
| 856 |
4 |
0 |
|u https://diploma.bibl.u-szeged.hu/id/eprint/133274/1/2003_gyorgyev_branimir.pdf
|z Dokumentum-elérés
|
| 856 |
4 |
0 |
|u https://diploma.bibl.u-szeged.hu/id/eprint/133274/3/2003_gyorgyev_branimir_biralat.pdf
|z Dokumentum-elérés
|